Score 0/20 Timer 03:00
2 Plays Today
Actress Missing Word % Correct
Sofía Vergara
Modern Family
Three
96.6%
Zooey Deschanel
New Girl
Guide
95.8%
Zooey Deschanel
New Girl
Die
92.5%
Courteney Cox
Cougar Town
Pet
91.1%
Amy Poehler
Parks and Recreation
Hears
90.7%
Sofía Vergara
Modern Family
Feet
90%
Sofía Vergara
Modern Family
Year's
89.8%
Zooey Deschanel
New Girl
Up
89%
Amy Poehler
Parks and Recreation
Glory
85%
Zooey Deschanel
New Girl
Bridge
78.4%
Actress Missing Word % Correct
Courteney Cox
Cougar Town
Sex
71.9%
Amy Poehler
Parks and Recreation
Third
71.1%
Courteney Cox
Cougar Town
Soon
69.1%
Amy Poehler
Parks and Recreation
Mean
59.2%
Zooey Deschanel
New Girl
Idiot
32.9%
Courteney Cox
Cougar Town
Bedtime
30.6%
Sofía Vergara
Modern Family
Brothers
19.9%
Sofía Vergara
Modern Family
Madea
19%
Amy Poehler
Parks and Recreation
Spring
3.6%
Courteney Cox
Cougar Town
Destiny
2.5%

Today's Daily Dose

Remove Ads.
Support Sporcle.
Get the best of Sporcle when you Go Orange. This ad-free experience offers more features, more stats, and more fun while also helping to support Sporcle. Thank you for becoming a member.

You're not logged in!

Compare scores with friends on all Sporcle quizzes.
OR
Log In

Show Comments

Extras

Top Quizzes Today


Score Distribution

Your Account Isn't Verified!

In order to create a playlist on Sporcle, you need to verify the email address you used during registration. Go to your Sporcle Settings to finish the process.

Report this User

Report this user for behavior that violates our Community Guidelines.

Details: